| LEADER |
00889nam0a2200181 450 |
| 001 |
16847962 |
| 010 |
|
|
|a 978-2-221-25425-7
|b br.
|d 19,9
|
| 100 |
|
|
|a 20220315d2022 u u0frey01 ba
|
| 101 |
0 |
|
|a fre
|
| 102 |
|
|
|a FR
|
| 200 |
0 |
|
|a Mafia corse
|e une île sous influence
|f Jacques Follorou
|
| 207 |
|
1 |
|a
|
| 215 |
|
|
|a 1 vol. (243 p.)
|d 23 x 14 cm
|
| 330 |
|
|
|a Depuis 2004, l'auteur travaille sur la définition d'un phénomène de violence organisée ayant pris, en Corse, le contrôle d'un territoire et d'une économie. Dans cet ouvrage, il s'intéresse à cette mafia corse et aux relations entre les voyous devenus mafieux et les élus, initiées à la fin des années 1980. Electre 2022
|
| 700 |
|
0 |
|a Follorou
|b Jacques
|4 70
|
| 900 |
|
|
|a Documentaire
|
| 901 |
|
|
|a Accessible au prêt
|
| 995 |
|
|
|a Bibliothèque
|c Bibliothèque
|f 00156012860243
|h 00156012860243
|k 364.13 FOL
|o p
|q a
|r az
|e Bibliothèque
|